Norwegian Train Stations - Statistics

General Stats
  • This quiz has been taken 18 times
  • The average score is 79 of 339
Answer Stats
Train station % Correct
Bergen stasjon
100%
Oslo S
93%
Os stasjon
93%
Bø stasjon
87%
Fredrikstad stasjon
87%
Trondheim S
87%
Ås stasjon
80%
Drammen stasjon
80%
Lillehammer stasjon
80%
Lillestrøm stasjon
80%
Asker stasjon
73%
Bodø stasjon
73%
Gjøvik stasjon
73%
Hamar stasjon
73%
Kongsberg stasjon
73%
Kongsvinger stasjon
73%
Kristiansand stasjon
73%
Moss stasjon
73%
Oslo Lufthavn Gardermoen stasjon
73%
Sande stasjon
73%
Sandvika stasjon
73%
Ski stasjon
73%
Stavanger stasjon
73%
Ål stasjon
67%
Arendal stasjon
67%
Flå stasjon
67%
Lysaker stasjon
67%
Sandefjord stasjon
67%
Sarpsborg stasjon
67%
Flåm stasjon
60%
Hønefoss stasjon
60%
Høn stasjon
60%
Jessheim stasjon
60%
Larvik stasjon
60%
Moi stasjon
60%
Nationaltheatret stasjon
60%
Porsgrunn stasjon
60%
Røros stasjon
60%
Skien stasjon
60%
Dovre stasjon
53%
Halden stasjon
53%
Lørenskog stasjon
53%
Mo i Rana stasjon
53%
Bryn stasjon
47%
Dal stasjon
47%
Dombås stasjon
47%
Eidsvoll stasjon
47%
Geilo stasjon
47%
Gol stasjon
47%
Hokksund stasjon
47%
Kolbotn stasjon
47%
Mjøndalen stasjon
47%
Narvik stasjon
47%
Oppdal stasjon
47%
Raufoss stasjon
47%
Sandnes sentrum stasjon
47%
Skøyen stasjon
47%
Tønsberg stasjon
47%
Vestby stasjon
47%
Voss stasjon
47%
Darbu stasjon
40%
Egersund stasjon
40%
Elverum stasjon
40%
Fauske stasjon
40%
Gran stasjon
40%
Grorud stasjon
40%
Gulskogen stasjon
40%
Høvik stasjon
40%
Kjelsås stasjon
40%
Lier stasjon
40%
Meråker stasjon
40%
Notodden stasjon
40%
Nydalen stasjon
40%
Roa stasjon
40%
Stange stasjon
40%
Steinberg stasjon
40%
Steinkjer stasjon
40%
Stjørdal stasjon
40%
Torp stasjon
40%
Alna stasjon
33%
Askim stasjon
33%
Brakerøya stasjon
33%
Brumunddal stasjon
33%
Bryne stasjon
33%
Dale stasjon
33%
Eidsvoll verk stasjon
33%
Grefsen stasjon
33%
Hell stasjon
33%
Holmestrand stasjon
33%
Klepp stasjon
33%
Lesja stasjon
33%
Levanger stasjon
33%
Ljan stasjon
33%
Nesbyen stasjon
33%
Nittedal stasjon
33%
Nordstrand stasjon
33%
Otta stasjon
33%
Råde stasjon
33%
Ringebu stasjon
33%
Spydeberg stasjon
33%
Tøyen stasjon
33%
Tynset stasjon
33%
Vestfossen stasjon
33%
Åndalsnes stasjon
27%
Blommenholm stasjon
27%
Drangedal stasjon
27%
Fetsund stasjon
27%
Finse stasjon
27%
Hakadal stasjon
27%
Haugastøl stasjon
27%
Haugenstua stasjon
27%
Hauketo stasjon
27%
Hjerkinn stasjon
27%
Holmlia stasjon
27%
Kløfta stasjon
27%
Kvam stasjon
27%
Kvitfjell stasjon
27%
Lunner stasjon
27%
Melhus stasjon
27%
Mjølfjell stasjon
27%
Moelv stasjon
27%
Mosjøen stasjon
27%
Movatn stasjon
27%
Myrdal stasjon
27%
Nordagutu stasjon
27%
Rakkestad stasjon
27%
Rånåsfoss stasjon
27%
Rygge stasjon
27%
Slependen stasjon
27%
Strømmen stasjon
27%
Svingen stasjon
27%
Tangen stasjon
27%
Trondheim Lufthavn Værnes stasjon
27%
Tuen stasjon
27%
Vikersund stasjon
27%
Vinstra stasjon
27%
Arna stasjon
20%
Årnes stasjon
20%
Auli stasjon
20%
Berkåk stasjon
20%
Blaker stasjon
20%
Eina stasjon
20%
Frogner stasjon
20%
Gjerstad stasjon
20%
Grua stasjon
20%
Hallingskeid stasjon
20%
Heimdal stasjon
20%
Høybråten stasjon
20%
Hunderfossen stasjon
20%
Kråkstad stasjon
20%
Langhus stasjon
20%
Lindeberg stasjon
20%
Mysen stasjon
20%
Nelaug stasjon
20%
Neslandsvatn stasjon
20%
Nyland stasjon
20%
Oppegård stasjon
20%
Rena stasjon
20%
Rosenholm stasjon
20%
Sagdalen stasjon
20%
Skarnes stasjon
20%
Skoppum stasjon
20%
Snippen stasjon
20%
Sørumsand stasjon
20%
Spikkestad stasjon
20%
Stabekk stasjon
20%
Stokke stasjon
20%
Stryken stasjon
20%
Tolga stasjon
20%
Upsete stasjon
20%
Ustaoset stasjon
20%
Vennesla stasjon
20%
Verdal stasjon
20%
Alvdal stasjon
13%
Åneby stasjon
13%
Åsen stasjon
13%
Bodung stasjon
13%
Bolstadøyri stasjon
13%
Bondivann stasjon
13%
Bulken stasjon
13%
Evanger stasjon
13%
Fjellhamar stasjon
13%
Froland stasjon
13%
Greverud stasjon
13%
Haga stasjon
13%
Hanaborg stasjon
13%
Harestua stasjon
13%
Hellvik stasjon
13%
Jaren stasjon
13%
Kambo stasjon
13%
Kongsvoll stasjon
13%
Kvål stasjon
13%
Leirsund stasjon
13%
Løten stasjon
13%
Lunde stasjon
13%
Marienborg stasjon
13%
Nærbø stasjon
13%
Namsskogan stasjon
13%
Nerdrum stasjon
13%
Paradis stasjon
13%
Ranheim stasjon
13%
Rise stasjon
13%
Sonsveien stasjon
13%
Stanghelle stasjon
13%
Storekvina stasjon
13%
Støren stasjon
13%
Trengereid stasjon
13%
Vaksdal stasjon
13%
Varhaug stasjon
13%
Vegårshei stasjon
13%
Vevelstad stasjon
13%
Vigrestad stasjon
13%
Berekvam stasjon
7%
Billingstad stasjon
7%
Bjorli stasjon
7%
Blakstad stasjon
7%
Bleiken stasjon
7%
Blomheller stasjon
7%
Breland stasjon
7%
Brusand stasjon
7%
Charlottenberg stasjon
7%
Eidsberg stasjon
7%
Flaten stasjon
7%
Ganddal stasjon
7%
Gausel stasjon
7%
Grong stasjon
7%
Gullhella stasjon
7%
Hauerseter stasjon
7%
Heggedal stasjon
7%
Heia stasjon
7%
Hommelvik stasjon
7%
Hvalstad stasjon
7%
Ilseng stasjon
7%
Jåttåvågen stasjon
7%
Knapstad stasjon
7%
Kotsøy stasjon
7%
Leangen stasjon
7%
Lerkendal stasjon
7%
Ler stasjon
7%
Lesjaverk stasjon
7%
Lilleby stasjon
7%
Ljosanbotn stasjon
7%
Lundamo stasjon
7%
Marnardal stasjon
7%
Mørkved stasjon
7%
Myrvoll stasjon
7%
Nodeland stasjon
7%
Nordby stasjon
7%
Ogna stasjon
7%
Ørneberget stasjon
7%
Reimegrend stasjon
7%
Reinsvoll stasjon
7%
Rombak stasjon
7%
Ronglan stasjon
7%
Rotvoll stasjon
7%
Sira stasjon
7%
Skansen stasjon
7%
Skatval stasjon
7%
Skeiane stasjon
7%
Skotbu stasjon
7%
Slitu stasjon
7%
Snåsa stasjon
7%
Solbråtan stasjon
7%
Søsterbekk stasjon
7%
Storlien stasjon
7%
Tomter stasjon
7%
Trofors stasjon
7%
Tverlandet stasjon
7%
Urdland stasjon
7%
Vakås stasjon
7%
Varingskollen stasjon
7%
Vatnahalsen stasjon
7%
Vieren stasjon
7%
Ålen stasjon
0%
Atna stasjon
0%
Audnedal stasjon
0%
Auma stasjon
0%
Bellingmo stasjon
0%
Bergsgrav stasjon
0%
Bjerka stasjon
0%
Bjørnfjell stasjon
0%
Bøylestad stasjon
0%
Bråstad stasjon
0%
Drevvatn stasjon
0%
Dunderland stasjon
0%
Evenstad stasjon
0%
Gjerdåker stasjon
0%
Glåmos stasjon
0%
Gudå stasjon
0%
Gyland stasjon
0%
Haltdalen stasjon
0%
Hanestad stasjon
0%
Håreina stasjon
0%
Harran stasjon
0%
Hegra stasjon
0%
Hovin stasjon
0%
Jørstad stasjon
0%
Katterat stasjon
0%
Kjosfossen stasjon
0%
Kløve stasjon
0%
Koppang stasjon
0%
Kopperå stasjon
0%
Lademoen stasjon
0%
Langlete stasjon
0%
Lassemoen stasjon
0%
Lønsdal stasjon
0%
Lunden stasjon
0%
Majavatn stasjon
0%
Mariero stasjon
0%
Nisterud stasjon
0%
Øksnavadporten stasjon
0%
Opphus stasjon
0%
Oteråga stasjon
0%
Øyeflaten stasjon
0%
Reinunga stasjon
0%
Reitan stasjon
0%
Riksgränsen holdeplass
0%
Rognan stasjon
0%
Rognes stasjon
0%
Røkland stasjon
0%
Røra stasjon
0%
Røstad stasjon
0%
Røyken stasjon
0%
Seimsgrend stasjon
0%
Selsbakk stasjon
0%
Singsås stasjon
0%
Sirevåg stasjon
0%
Skiple stasjon
0%
Skogn stasjon
0%
Skonseng stasjon
0%
Snartemo stasjon
0%
Sparbu stasjon
0%
Stai stasjon
0%
Steinvik stasjon
0%
Stoa stasjon
0%
Trykkerud stasjon
0%
Valnesfjord stasjon
0%
Vikhammer stasjon
0%
Ygre stasjon
0%
No matching quizzes found
Score Distribution
Percent of People with Each Score
Percentile by Number Answered
Your Score History
You have not taken this quiz